|
|
|
|
| LEADER |
00903cam a2200241 7i4500 |
| 001 |
0000065738 |
| 005 |
20220119090000.0 |
| 020 |
|
|
|a 9780367211387 (electronic book)
|
| 090 |
0 |
0 |
|a GV1469.15
|b .B93 2020
|
| 100 |
1 |
|
|a Bycer, Joshua
|
| 245 |
1 |
0 |
|a Game design deep dive :
|b platformers
|c Joshua Bycer.
|
| 264 |
|
|
|a Boca Raton, FL:
|b CRC Press,
|c 2020.
|
| 300 |
|
|
|a 1 online resource (xi, 139 pages):
|b colour illustrations, text file, PDF.
|
| 336 |
|
|
|a text
|2 rdacontent
|
| 337 |
|
|
|a computer
|2 rdamedia
|
| 338 |
|
|
|a online resource
|2 rdacarrier
|
| 650 |
|
0 |
|a Video games --
|x Authorship
|
| 650 |
|
0 |
|a Computer games --
|x Design
|
| 655 |
|
0 |
|a Electronic books
|
| 856 |
4 |
2 |
|u http://library.unisel.edu.my/web/guest/mylibrary
|
| 997 |
|
|
|a Communication, Visual Art & Computing, Faculty
|b Computing, Department
|
| 998 |
|
|
|a Multimedia Industry, Degree
|
| 999 |
|
|
|a EBO0010365
|b EBOOK
|c EBOOK
|e Electronic resources
|